Statistics for Europa Universalis 4

Click here to take the quiz!

General Stats

  • This quiz has been taken 318 times
  • The average score is 11 of 15

Answer Stats

HintAnswer% Correct
Big Blue BlobFrance
97%
EmperorAustria
95%
KebabOttomans
90%
CommonwealthPoland
88%
Mother Russia!Muscovy
84%
Navy Navy EverywhereEngland
82%
Colonies and More ColoniesSpain
82%
Kalmar UnionDenmark
79%
Thy PopePapal States
67%
Green Thing by AbovePortugal
62%
Giant Brown Blob in the EastMing
58%
Big Red HordeTimurids
52%
OP Military TraditionsBrandenburg/Prussia
50%
InheritanceBurgundy
48%
Brown Bit that gets eaten by KebabMamluks
24%

Score Distribution

Percentile by Number Answered

Percent of People with Each Score

Your Score History

You have not taken this quiz